| 000 | 01332nam0a2200325 4500 | ||
|---|---|---|---|
| 001 | RU\NLR\BIBL_A\016284547 | ||
| 005 | 20250625024648.0 | ||
| 035 | _a(NLR Aleph) 016284547 | ||
| 090 |
_a12926386 _c12926386 |
||
| 100 | _a20230210d1974 |||y0rusy50 ca | ||
| 101 | 0 | _arus | |
| 102 | _aRU | ||
| 105 | _aa z 000ay | ||
| 181 | 0 |
_ab3 _bbb2e |
|
| 181 | 0 |
_ai2 _baxxe |
|
| 182 | 0 | _an | |
| 200 | 1 |
_aПряничный домик _e[русская народная сказка _eкнижка-игрушка _fконструкция книжки А. Абрамовой _gхудожники: Н. Гембицкая, А. Абрамова] |
|
| 203 |
_aИзображение _aТекст _bвизуальные _cнепосредственные |
||
| 210 |
_aМосква _cМалыш _d1974 |
||
| 215 |
_a[16] с. _cцв. ил. _d27х25 |
||
| 309 | _aКн. с вырубкой в виде избушки | ||
| 686 | 0 | _aШ9(2)60=Р7-8 | |
| 702 | 1 |
_4040 _7ca _8rus _aАбрамова _bА. С. _cхудожник, методист _gАнна Соломоновна _9235455 _3RU\NLR\AUTH\770235511 |
|
| 702 | 1 |
_aГембицкая _bН. Я. _f1904-1976 _gНаталья Яковлевна _4040 |
|
| 852 |
_aNLR _jИгр/43-1 |
||
| 942 | _cBOOK | ||
| 980 | _aNB | ||